00763nam a2200181Ia 4500008004100000100003100041245012900072245003000201260003000231260000900261300002900270440012900299650002300428650001700451942001200468999001900480952008200499180910s9999 xx 000 0 und d aPhilippine Daily Inquirer. aSouthville international school and colleges : leading the way : 22 years of fostering a culture of educational excellence / cSunday inquirer magazine. bPhilippine daily inquirer c2012 apages 6-31, October 2012 aSouthville international school and colleges : leading the way : 22 years of fostering a culture of educational excellence / aArchival material. aPeriodicals. 2lcccSE c358767d358767 00102lcc40aCLbCLcPERd2018-09-12l0r2018-09-12 00:00:00w2018-09-12ySE